| 000 | 01269cam a22004214i 4500 | ||
|---|---|---|---|
| 003 | PE-LiUPU | ||
| 005 | 20250731172928.0 | ||
| 008 | s1959 r 000 0 eng d | ||
| 035 | _a(Sirsi) a204061 | ||
| 040 |
_aPE-LiUPU _bspa _cPE-LiUPU _erda |
||
| 049 | _aPRUA | ||
| 082 | 0 | 4 |
_a226.5 _bT72 _220 |
| 100 | 1 |
_aTorrance W, John, _eautor. |
|
| 245 | 1 | 4 |
_aThe gospel according to ST John : _b1-10 / _cDavid W. Torrance. |
| 264 |
_aMichigan: _bEerdmans, _c1959. |
||
| 300 |
_a329 páginas ; _c19 centímetros. |
||
| 336 |
_text _2rdacontent |
||
| 337 |
_unmediated _2rdamedia |
||
| 338 |
_volume _2rdacarrier |
||
| 490 | 0 | _aCalvin's Comentaries. | |
| 500 | 0 | _aJohn 1 - 10. | |
| 526 | _aSEG42 | ||
| 526 | _aSEG41 | ||
| 526 | _aSEG40 | ||
| 526 | _aSEG39 | ||
| 526 | _aP94 | ||
| 526 | _aP87 | ||
| 526 | _aP86 | ||
| 526 | _aP85 | ||
| 526 | _aP77 | ||
| 526 | _aP76 | ||
| 526 | _aP35 | ||
| 630 | 0 | 4 |
_aBibllia. _pN.T. _pJuan _vComentarios. |
| 596 | _a1 | ||
| 942 |
_2ddc _cBOOK |
||
| 999 |
_a226.5 T72 _wLC _c20441 _i76004 _f2021-11-9 _g4 _lCCODEBUL1 _mBUL _r0 _sY _tBOOK _u2017-5-25 _xTEOLOGIA _PP85 _0COMPRA _o.STAFF. Colección Teología _d20441 |
||
| 980 |
_81 _gALBERTO SANCHEZ Responsable de Automatización |
||